California road & recreation atlas.
Saved in:
| Corporate Author: | |
|---|---|
| Format: | Map |
| Language: | English |
| Published: |
Berkeley, Calif. :
Benchmark Maps,
c1998.
|
| Subjects: | |
| Tags: |
Add Tag
No Tags, Be the first to tag this record!
|
| LEADER | 01151cem a2200349Ia 4500 | ||
|---|---|---|---|
| 001 | 007733155-9 | ||
| 005 | 20020606104010.5 | ||
| 006 | ab 001 0 | ||
| 008 | 971216s1998 caubcg e 1 eng d | ||
| 020 | |a 0929591437 : |c $18.95 | ||
| 034 | 0 | |a a | |
| 035 | 0 | |a ocm38096081 | |
| 040 | |a BGC |c BGC |d IQU |d HLS | ||
| 043 | |a n-us-ca | ||
| 090 | |a G1526.P2 |b B45 1998 | ||
| 110 | 2 | |a Benchmark Maps (Firm) | |
| 245 | 1 | 0 | |a California road & recreation atlas. |
| 246 | 3 | |a California road and recreation atlas | |
| 255 | |a Scales differ. | ||
| 260 | |a Berkeley, Calif. : |b Benchmark Maps, |c c1998. | ||
| 300 | |a 1 atlas (127 p.) : |b col. maps ; |c 39 cm. | ||
| 500 | |a Relief shown by gradient tints, shading, or spot heights. | ||
| 500 | |a On cover: Landscape maps, recreation guides, detailed roads, GPS grids. | ||
| 500 | |a Predominant scale: 1:300,000. | ||
| 500 | |a Includes indexes. | ||
| 650 | 0 | |a Cities and towns |z California |v Maps. | |
| 650 | 0 | |a Outdoor recreation |z California |v Maps. | |
| 651 | 0 | |a California |v Maps. | |
| 651 | 0 | |a California |x Description and travel. | |
| 650 | 0 | |a Roads |z California |v Maps. | |
| 988 | |a 20020608 | ||
| 906 | |0 OCLC | ||


